000 00842nam a22002897a 4500
001 BR2023000997
003 BR-BrBNA
005 20230824171032.0
008 230824b bl.||||| |||| 00| 0 por d
040 _aBR-BrBNA
_bpor
_cBiblioteca Nacional de Agricultura
041 _apor
072 _aQ03 ; Q02 ; F01
090 _aQ03 BR2023000997
110 _aDow AgroSciences, São Paulo, SP (Brazil)
245 _aSoluções em hortifruti: movimento contra o desperdício
260 _aSão Paulo, SP (Brazil)
_c[nd]
300 _a47 p.
500 _aPublished 2017?; 4 ref.; 94 illus.
650 _aALIMENTO VEGETAL
650 _aPRODUÇÃO DE ALIMENTO
650 _aDESPERDÍCIO
650 _aPRESERVAÇÃO DE ALIMENTO
650 _aANÁLISE DE ALIMENTO
650 _aINSETICIDA
909 _a202308
_bFernando
942 _cBK
999 _c9890
_d9890